A escolinha da Serafina (Record no. 111275)

MARC details
000 -LÍDER
campo de controle de tamanho fixo 00498 a2200205 4500
001 - NÚMERO DE CONTROLE
campo de controle 111275
020 ## - ISBN - INTERNATIONAL STANDARD BOOK NUMBER
ISBN - International Standard Book Number 9788508099894
041 ## - CÓDIGO DE IDIOMA
Código do idioma do texto/trilha sonora ou título diferente por
082 ## - CDD - CLASSIFICAÇÃO DECIMAL DE DEWEY
Número de Classificação Year 5 028
040 ## - FONTE DA CATALOGAÇÃO
Instituição da catalogação original BR-BrIDEA
Instituição que transcreveu o registro BR-BrIDEA
090 ## - NÚMERO DE CHAMADA LOCAL
Número de chamada (OCLC) (R); Número de chamada, CALL (RLIN) (NR) Year 5 028
Número Cutter local (OCLC); Número de classificação do livro, CALL (RLIN) POR
100 ## - ENTRADA PRINCIPAL--NOME PESSOAL
Nome pessoal Porto, Cristina
Datas associadas ao nome 1949
245 10 - TÍTULO
Título A escolinha da Serafina
Indicação de responsabilidade, etc. Cristina Porto
260 ## - PUBLICAÇÃO, DISTRIBUIÇÃO, ETC.
Local de publicação, distribuição, etc. São Paulo
Data da publicação, distribuição, etc. 2013
490 ## - TÍTULO DA SÉRIE
Título da série Serafina
697 ## - ENTRADA DE ASSUNTO LOCAL--ENTIDADE COLETIVA (RLIN)
Nome corporativo ou nome da jurisdição Literatura infantojuvenil.
830 ## - ENTRADA SECUNDÁRIA DE SÉRIE--TÍTULO UNIFORME
Título uniforme Serafina
856 ## - LOCALIZAÇÃO ELETRÔNICA E ACESSO
Uniform Resource Identifier <a href="00001d/00001d21.jpg">00001d/00001d21.jpg</a>
942 ## - ELEMENTOS DE ENTRADA ADICIONADOS (KOHA)
Tipo de material Koha Livros
Holdings
Situação do descarte Situação das perdas Fonte da classificação ou esquema de arquivamento na estante Situação física Não pode ser emprestado Biblioteca de origem Biblioteca atual Data de aquisição Total de empréstimos Número de chamada completo Código de barras Data de último acesso Data do último empréstimo Data do preço efetivo Tipo de material Koha
    Classificação Decimal de Dewey     ECB - SUDOESTE ECB - SUDOESTE 22/03/2013   Year 5 028 00001134SSW 23/01/2024   23/01/2024 Livros
    Classificação Decimal de Dewey     ECB - SUDOESTE ECB - SUDOESTE 01/06/2015   Year 5 028 00015638SSW 23/01/2024   23/01/2024 Livros
    Classificação Decimal de Dewey     ECB - SUDOESTE ECB - SUDOESTE 22/03/2013   Year 5 028 00001130SSW 23/01/2024   23/01/2024 Livros
    Classificação Decimal de Dewey     ECB - SUDOESTE ECB - SUDOESTE 22/03/2013   Year 5 028 00001132SSW 23/01/2024   23/01/2024 Livros
    Classificação Decimal de Dewey     ECB - SUDOESTE ECB - SUDOESTE 23/10/2015   Year 5 028 00017260SSW 23/01/2024   23/01/2024 Livros
    Classificação Decimal de Dewey     ECB - SUDOESTE ECB - SUDOESTE 15/01/2018   Year 5 028 00032510SSW 23/01/2024   23/01/2024 Livros
    Classificação Decimal de Dewey     ECB - ÁGUAS CLARAS ECB - ÁGUAS CLARAS 22/03/2013 1 A Year 5 028 POR 00001131AGC 28/06/2024 08/03/2024 23/01/2024 Livros
    Classificação Decimal de Dewey     ECB - ÁGUAS CLARAS ECB - ÁGUAS CLARAS 04/07/2019   A Year 5 028 POR 00044482AGC 23/01/2024   23/01/2024 Livros
    Classificação Decimal de Dewey     ECB - ÁGUAS CLARAS ECB - ÁGUAS CLARAS 22/03/2013   A Year 5 028 POR 00001133AGC 23/01/2024   23/01/2024 Livros
    Classificação Decimal de Dewey     ECB - ÁGUAS CLARAS ECB - ÁGUAS CLARAS 15/01/2018 3 A Year 5 028 POR 00032511AGC 11/04/2024 27/03/2024 23/01/2024 Livros
    Classificação Decimal de Dewey     ECB - ÁGUAS CLARAS ECB - ÁGUAS CLARAS 01/06/2015   A Year 5 028 POR 00015637AGC 23/01/2024   23/01/2024 Livros
          Leonardo Da Vinci - Alphaville 2 Leonardo Da Vinci - Alphaville 2 27/03/2024   028.5 P881e 2A1091 27/03/2024   27/03/2024 Livros